000
00313nam a22001337a 4500
008
170405b xxu||||| |||| 00| 0 eng d
020
_a
760000065828
041
_a
eng
080
_a
574
100
_a
9
101
_a
SHM
245
_a
OUTBOOKS READINGS FOR ENVIRONMENTAL LITERACY
_c
MCKINNEY, M.L
942
_2
udc
_c
BK
999
_c
9728
_d
9728